Normal view
MARC view
- Designing with Xilinx® FPGAs Using Vivado
Entry Topical Term
001 - CONTROL NUMBER
- control field: 131128
003 - CONTROL NUMBER IDENTIFIER
- control field: NUST
005 - DATE AND TIME OF LATEST TRANSACTION
- control field: 20251015101234.0
008 - FIXED-LENGTH DATA ELEMENTS
- fixed length control field: 251015|| aca||aabn | a|a d
040 ## - CATALOGING SOURCE
- Original cataloging agency: NUST
- Transcribing agency: NUST
150 ## - HEADING--TOPICAL TERM
- Topical term or geographic name entry element: Designing with Xilinx® FPGAs Using Vivado
670 ## - SOURCE DATA FOUND
- Source citation: Work cat.: (NUST): Churiwala, Sanjay 131127, Designing with Xilinx® FPGAs Using Vivado, 2017.
